A short history of Bond Street old and new : from the reign of King James II to the coronation of King George V ; also lists of the inhabitants in 1811, 1840 and 1911 and account of the coronation decorations, 1911 /

Bibliographic Details
Main Author: Wheatley, Henry B. (Henry Benjamin), 1838-1917
Format: Book
Language:English
Published: [London] : Published for the Bond Streets Coronation Decoration Committee by the Fine Art Society, [1911]
Subjects:

MARC

Tag First Indicator Second Indicator Subfields
LEADER 00000cam a2200000Ia 4500
001 in00002207021
005 20151104091608.0
008 830429s1911 enkabf 000 0 eng d
035 |a (OCoLC)ocm09464198 
040 |a SOI  |c SOI  |d OCLCQ  |d TXA  |d UtOrBLW 
043 |a e-uk-en 
049 |a TXAM 
090 |a DA685.B66  |b W54 1911 
092 |a 942.12  |b W557s 
100 1 |a Wheatley, Henry B.  |q (Henry Benjamin),  |d 1838-1917. 
245 1 2 |a A short history of Bond Street old and new :  |b from the reign of King James II to the coronation of King George V ; also lists of the inhabitants in 1811, 1840 and 1911 and account of the coronation decorations, 1911 /  |c by H.B. Wheatley. 
246 1 4 |a Bond Street old and new, 1686-1911 
264 1 |a [London] :  |b Published for the Bond Streets Coronation Decoration Committee by the Fine Art Society,  |c [1911] 
300 |a 35 pages, 10 unnumbered leaves of plates (2 folded) :  |b illustrations, map ;  |c 29 cm. 
336 |a text  |b txt  |2 rdacontent 
337 |a unmediated  |b n  |2 rdamedia 
338 |a volume  |b nc  |2 rdacarrier 
500 |a "Published on the occasion of the coronation of H.M. George V"--Cover. 
500 |a Cushing Library copy is part of the Stephen Powys Marks London Collection. 
651 0 |a Bond Street (London, England) 
650 0 |a Streets  |z England  |z London. 
948 |a cataloged  |b h  |c 2006/11/30  |d c  |e rdavis  |f 5:08:23 pm 
994 |a C0  |b TXA 
999 |a MARS 
999 f f |s ddbba9d6-60f0-3d12-8f4c-f5982d8a25f6  |i ef2392ba-55df-3cde-830d-8755b4f70508  |t 0 
952 f f |p noncirc  |a Texas A&M University  |b College Station  |c Cushing Memorial Library & Archives  |d Cushing: London (Does not check out)  |t 0  |e DA685.B66 W54 1911  |h Library of Congress classification  |i unmediated -- volume  |m A14853096306 
998 f f |a DA685.B66 W54 1911  |t 0  |l Cushing: London (Does not check out)